| 000 | 00424nam a2200157 a 4500 | ||
|---|---|---|---|
| 005 | 20140412111304.0 | ||
| 008 | 001115s19uu xx 00 eng d | ||
| 050 |
_aER _bIk1 |
||
| 245 |
_aI know words / _cillustrated by Okataro Seno. |
||
| 260 |
_aTokyo : _bFroebel-kan. |
||
| 300 | _a1 v. (unp.) ; ill. | ||
| 440 | _aSunday Day Series | ||
| 650 | _aReading | ||
| 650 | _aEnglish language -- Vocabulary | ||
| 999 |
_c103563 _d103563 |
||